| 000 | 01060nam a2200361 a 4500 | ||
|---|---|---|---|
| 003 | AR-BaBNM | ||
| 005 | 20251128204134.0 | ||
| 008 | 082120s2002 ||||||||||||||000 | spa|| | ||
| 020 | _a950-25-1420-5 | ||
| 040 | _cAR-BaBNM | ||
| 245 | 0 | 0 |
_aPresidencias y golpes militares del siglo XX _n3 |
| 260 |
_aBuenos Aires _bCentro Editor de América Latina _c1986 |
||
| 300 | _ap. irreg. | ||
| 490 | 0 | _aBiblioteca política argentina | |
| 600 | 0 | 4 |
_aFrondizi _d1958-1962 |
| 600 | 0 | 4 |
_aIllia _d1963-1966 |
| 600 | 0 | 4 | _aRevolucion de 1966 |
| 600 | 0 | 4 |
_aOngania _d1966-1970 |
| 600 | 0 | 4 |
_aCampora, Héctor J. _d1973 |
| 600 | 0 | 4 |
_aLastiri _d1973 |
| 600 | 0 | 4 |
_aPerón _d1973-1974 |
| 600 | 0 | 4 |
_aMartínez de Perón _d1974-1976 |
| 650 | 4 | _aREVOLUCION DE SETIEMBRE DE 1955 | |
| 653 | _aPROCESO DE REORGANIZACION NACIONAL | ||
| 700 | 1 | _aRodríguez Lamas, Daniel | |
| 700 | 1 | _aSánchez, Pedro | |
| 700 | 1 | _aBra, Gerardo | |
| 700 | 1 | _aMaceyra, Horacio | |
| 700 | 1 | _aTroncoso, Oscar | |
| 800 | 1 |
_aTroncoso, Oscar _edirector |
|
| 942 | _cBK | ||
| 998 | _cEnrique | ||
| 999 |
_c6330 _d6330 |
||